00799nam a2200193 a 450000100100000000500170001000800410002702000150006804000250008308200150010810000260012324500950014926000380024430000200028250400730030270000270037595201860040299900170058800003526920200930074223.0111027s19uu sp 000 0 spa d a8433903195 aDO-SdBNPbspacBNPHU axxxxbxxxx1 aReich, Wilhelm92823110aPsicoanálisis y sociedad :bapuntes de freudo-marxismo /cWilhelm Reich, Igor A. Caruso. aBarcelona, :bAnagrama,c[19--?]. a94 p. ;c18 cm. aIncluye referencias bibliográficas y notas al pie de las páginas1 aCaruso, Igor A.961030 001050718MOaGRbGRcHDd2011-10-27iLF1l0oxxxx xxxxp35269-10r2020-06-25w2020-06-25y1zPerteneció a la biblioteca personal de Juan Isidro Jimenes Grullón.ZNo se presta c34760d34760